000 00460nam a22001577a 4500
005 20231129144914.0
008 231129b |||||||| |||| 00| 0 eng d
041 _aEnglish
082 _a340.06 ASS
100 _lEnglish
245 _aAssociation of Law Societies of the RSA :
_bLaw Office Management /
_cS Larkan
260 _c2009
300 _b165 pages ;
_c30 cm.
650 _aLegal practice
_bLaw
942 _cBK
_6ALISON_BN_VRIES
999 _c1063
_d1063